000 00216nam a22000857a 4500
008 170605b xxu||||| |||| 00| 0 eng d
100 _93265
_aSavitri
245 _aTales from Indian classics
260 _aNew Delhi
_bCBT
_c2003
999 _c6579
_d6579